LEADER 06137nam 22006491 450 001 9910796921503321 005 20200514202323.0 010 $a1-5099-1623-7 010 $a1-5099-1621-0 024 7 $a10.5040/9781509916238 035 $a(CKB)4100000005465742 035 $a(MiAaPQ)EBC5434426 035 $a(OCoLC)1028615987 035 $a(UtOrBLW)bpp09262003 035 $a(EXLCZ)994100000005465742 100 $a20180531d2018 uy 0 101 0 $aeng 135 $aurcnu|||||||| 181 $2rdacontent 182 $2rdamedia 183 $2rdacarrier 200 14$aThe EU, world trade law, and the right to food $erethinking free trade agreements with developing countries /$fGiovanni Gruni 210 1$aOxford [UK] ;$aPortland, Oregon :$cHart Publishing,$d2018. 215 $a1 online resource (219 pages) 225 1 $aStudies in international trade and investment law 311 $a1-5099-4374-9 311 $a1-5099-1620-2 320 $aIncludes bibliographical references and index. 327 $a1. Introduction -- I. Why a Book on Human Rights and International Trade Agreements? -- II. Area of Research -- III. Objective of the Book -- IV. Book Outline -- 2. The Right to Food in International Law -- I. Introduction -- II. The Content of the Right to Food -- III. State Duties -- IV. The Right to Food and the Negotiation of Trade Agreements -- V. Defragmenting International Law: Paths of Legal Dialogue between Human Rights and Trade Law and the Role of the EU -- VI. Conclusions -- 3. Realising the Right to Food in the Global Food Market -- I. Introduction -- II. Market Failures -- III. Limits of Development Aid and Domestic Policies -- IV. Vulnerable Categories -- V. The Role of the European Union -- VI. Conclusions -- 4. The EU External Trade Policy and the EU External Food Security Policy -- I. Introduction -- II. The Influence of the EU on International Trade Law: Institutional Dimension -- III. The EU Trade Strategy -- IV. The Right to Food in the External Relations of the EU -- V. Food Security in the Negotiations of Free Trade Agreements -- VI. Conclusions -- 5. The Right to Food in the WTO -- I. Introduction -- II. Import Restrictions -- III. Safeguards -- IV. The Special Safeguards (SSG) -- V. The Enabling Clause, Waivers and Free Trade Agreements -- VI. Export Restrictions -- VII. Conclusions -- 6. The EU-CARIFORUM Economic Partnership Agreement -- I. Introduction -- II. The EU-CARIFORUM Economic Partnership Agreement -- III. Import Restrictions -- IV. Safeguards -- V. Export Restrictions -- VI. Conclusions -- 7. The Economic Partnership Agreements between the EU and Sub-Saharan Africa -- I. Introduction -- II. The State of Negotiations between the EU and Africa -- III. Sub-Saharan Africa's Economic and Legal Setting -- IV. Import Restrictions -- V. Safeguards -- VI. Export Restrictions -- VII. Conclusions -- 8. Conclusions -- I. Introduction -- II. Summary of the Main Findings of the First Four Chapters -- III. Main Findings of the Case Studies -- IV. An EU Trade Policy for Global Food Security -- V. The EU, the Right to Food and Developing Countries 330 8 $aIn recent years the European Union has developed a comprehensive strategy to conclude free trade agreements which includes not only prominent trade partners such as Canada, the United States and Japan but also numerous developing countries. This book looks at the existing WTO law and at the new EU free trade agreements with the Caribbean and sub-Saharan Africa through the lens of the human right to adequate food. It shows how the clauses on the import and export of food included in recent free trade agreements limit the capacity of these countries to implement food security policies and to respect their human rights obligations. This outcome appears to be at odds with international human rights law and dismissive of existing human rights references in EU-founding treaties as well as in treaties between the EU and developing states. Yet, the book argues against the conception in human rights literature that there is an inflexible agenda encoded in world trade law which is fundamentally conflictual with non-economic interests. The book puts forward the idea that the European Union is perfectly placed to develop a narrative of globalisation considering other areas of public international law when negotiating trade agreements and argues that the EU does have the competences and influence to uphold a role of international leadership in designing a sustainable global trading system. Will the EU be ambitious enough? A timely contribution to the growing academic literature on the relation between world trade law and international human rights law, this book imagines a central role for the EU in reconciling these two areas of international law 410 0$aStudies in international trade and investment law. 517 3 $aEuropean Union, world trade law, and the right to food 606 $aEconomic assistance, European$zDeveloping countries 606 $aFood supply$xLaw and legislation$zDeveloping countries 606 $aForeign trade regulation$zEuropean Union countries 606 $aFree trade$zEuropean Union countries 606 $aRight to food$zDeveloping countries 606 $aWorld Trade Organization$zEuropean Union countries 606 $2International economic & trade law 607 $aDeveloping countries$xForeign economic relations$zEuropean Union countries 607 $aEuropean Union countries$xCommercial policy 607 $aEuropean Union countries$xForeign economic relations$zDeveloping countries 615 0$aEconomic assistance, European 615 0$aFood supply$xLaw and legislation 615 0$aForeign trade regulation 615 0$aFree trade 615 0$aRight to food 615 0$aWorld Trade Organization 676 $a382/.456640094 700 $aGruni$b Giovanni$01481413 801 0$bUtOrBLW 801 1$bUtOrBLW 801 2$bUkLoBP 906 $aBOOK 912 $a9910796921503321 996 $aThe EU, world trade law, and the right to food$93698335 997 $aUNINA LEADER 03389nam 2200601Ia 450 001 9910830370003321 005 20190709122513.0 010 $a1-282-37966-6 010 $a9786612379666 010 $a1-4443-1444-0 010 $a1-4443-1445-9 035 $a(CKB)2550000000001245 035 $a(EBL)474524 035 $a(OCoLC)476311806 035 $a(SSID)ssj0000336427 035 $a(PQKBManifestationID)11251860 035 $a(PQKBTitleCode)TC0000336427 035 $a(PQKBWorkID)10283194 035 $a(PQKB)11238109 035 $a(MiAaPQ)EBC474524 035 $a(PPN)158081471 035 $a(EXLCZ)992550000000001245 100 $a20090401d2009 uy 0 101 0 $aeng 135 $aur|n|---||||| 181 $ctxt 182 $cc 183 $acr 200 00$aCurrent best practice in interventional cardiology$b[electronic resource] /$fedited by Bernhard Meier 210 $aChichester, West Sussex ;$aHoboken, NJ $cWiley-Blackwell$d2009 215 $a1 online resource (231 p.) 300 $aDescription based upon print version of record 311 $a1-4051-8255-5 320 $aIncludes bibliographical references and index 327 $aCurrent Best Practice in Interventional Cardiology; Contents; List of Contributors; Preface; PART I Coronary Artery Disease; CHAPTER 1 Acute Coronary Syndromes; CHAPTER 2 Modern Coronary Stenting; CHAPTER 3 Chronic Total Occlusion; CHAPTER 4 Nonrevascularization Therapy; PART II Noncoronary Interventions; CHAPTER 5 Transcatheter Aortic Valve Implantation; CHAPTER 6 Patent Foramen Ovale Closure; CHAPTER 7 Closure of Atrial and Ventricular Septal Defects in Adults; CHAPTER 8 Carotid Artery Stenting; CHAPTER 9 Alcohol Ablation of Hypertrophic Cardiomyopathy 327 $aPART III Treatment of Left Ventricular FailureCHAPTER 10 Biventricular Pacing; CHAPTER 11 Percutaneous Left Ventricular Assist Devices; CHAPTER 12 Treatment of Left Ventricular Failure; PART IV Cardiovascular Imaging; CHAPTER 13 Computed Tomography for Screening and Follow-Up; CHAPTER 14 Magnetic Resonance for Functional Testing and Interventional Guidance; CHAPTER 15 Optical Coherence Tomography for Coronary Imaging; CHAPTER 16 Intravascular Ultrasound; Index 330 $aCurrent Best Practice in Interventional Cardiology addresses the questions which challenge clinicians involved with interventional procedures. Helpfully organized into four sections, the text addresses; coronary artery disease, non-coronary interventions, left ventricular failure and the latest advances in imaging technologies, and provides authoritative guidance on the current recommendations for best practice. Containing contributions from an international team of opinion leaders, this new book reviews the key advances in equipment, techniques and therapeutics and is an accessible r 606 $aHeart$xSurgery 606 $aHeart$xDiseases$xTreatment 606 $aHeart$xInterventional radiology 615 0$aHeart$xSurgery. 615 0$aHeart$xDiseases$xTreatment. 615 0$aHeart$xInterventional radiology. 676 $a617.4/12 676 $a617.412 701 $aMeier$b Bernhard$cM.D.$0153234 801 0$bMiAaPQ 801 1$bMiAaPQ 801 2$bMiAaPQ 906 $aBOOK 912 $a9910830370003321 996 $aCurrent best practice in interventional cardiology$94047765 997 $aUNINA